| 000 | 01003nam a2200289 i 4500 | ||
|---|---|---|---|
| 001 | 110703 | ||
| 003 | ES-MaACL | ||
| 005 | 20230906185134.0 | ||
| 007 | t| | ||
| 008 | 070119s1985 sp ||||1| spa d | ||
| 020 | _a84-7046-367-5 | ||
| 080 | _a1 Schopenhauer, Arthur | ||
| 080 | _a1 Kierkegaard, Soeren | ||
| 080 | _a141.32 | ||
| 100 | 1 |
_aMaceiras Fafián, Manuel. _975140 |
|
| 245 | 1 | 0 |
_aSchopenhauer y Kierkegaard _b: sentimiento y pasión / _cManuel Maceiras Fafián ; prólogo de Sergio Rábade Romeo. |
| 260 |
_aMadrid : _bCincel, _c1985. |
||
| 300 |
_a192 p. ; _c19 cm. |
||
| 490 | 1 |
_aHistoria de la filosofía ; _v21 |
|
| 600 | 1 | 4 |
_aKierkegaard, Søren ( _d1813-1855)- _xCrítica e interpretación. _9166022 |
| 600 | 1 | 4 |
_aSchopenhauer, Arthur- _xCrítica e interpretación. _9104659 |
| 650 | 1 | 4 |
_aExistencialismo. _912679 |
| 700 | 1 |
_aRábade Romeo, Sergio. _994831 |
|
| 830 | 0 |
_aHistoria de la filosofía ; _v21 _9181726 |
|
| 852 |
_aES-MaACL _jL-15588 |
||
| 999 |
_c110703 _d110703 |
||